00000000cas 2200000za 4500
0019.807323
003CaOODSP
00520260323134748
007cr |||||||||||
008150406d20152025onc x m o    f0   a0eng|d
022 |a2369-9639
040 |aCaOODSP|beng
043 |an-cn---
0861 |aFB3-7E-PDF
222 0|aStaff analytical note
24500|aStaff analytical note |h[electronic resource] / |cBank of Canada.
2462 |aNote analytique du personnel
260 |aOttawa : |bBank of Canada, |c2015-
310 |aIrregular
3620 |a2015/1-2025/29.
500 |aIssued also in French under title: Note analytique du personnel.
7102 |aBank of Canada.
77508|tNote analytique du personnel |w(CaOODSP)9.807326
78500|tStaff analytical paper = |w(CaOODSP)9.958938